[Event "39th Olympiad Women"]
[Site "Khanty-Mansiysk RUS"]
[Date "2010.09.28"]
[Round "7"]
[White "Dos Ramos, Rosangela"]
[Black "Ubaldo Suarez, Maria Gisela"]
[Result "0-1"]
[BlackTitle "WIM"]
[WhiteElo "1733"]
[BlackElo "2054"]
[Board "46.3"]
[WhiteTeam "SUR"]
[BlackTeam "VEN"]
[WhiteFideId "8200521"]
[BlackFideId "3900630"]
[EventDate "2010.09.21"]
[EventType "team"]

1. e4 c5 2. Nf3 Nc6 3. d4 cxd4 4. Nxd4 Nf6 5. Nc3 g6 6. Be3 Bg7 7. Be2 O-O 8.
O-O d5 9. exd5 Nxd5 10. Nxd5 Qxd5 11. Nxc6 Qxc6 12. c3 Bf5 13. Bf3 Qb5 14. Qe2
Bd3 15. Qd2 Bxf1 16. Rxf1 Rfd8 17. Qc2 a5 18. Re1 Rd7 19. h3 Qc4 20. a3 Rc8 21.
Be2 Qc6 22. a4 Qf6 23. Bb5 Rd5 24. Qe4 Qd6 25. Qf3 b6 26. Ba6 Rd8 27. Bc4 Rf5
28. Qe2 Bf6 29. Qc2 Bg5 30. Bxg5 Rxg5 31. Qe4 e6 32. Qe3 Qc5 33. Qe2 Rf5 34. Bb3
h5 35. Bc2 Rfd5 36. Rd1 Rxd1+ 37. Bxd1 Qd5 38. Bc2 Qd2 0-1

[Event "39th Olympiad Women"]
[Site "Khanty-Mansiysk RUS"]
[Date "2010.09.28"]
[Round "7"]
[White "Wakabayashi, Hisako"]
[Black "Al-Hammadi, Fatma"]
[Result "1-0"]
[BlackTitle "WFM"]
[WhiteElo "1493"]
[BlackElo "1829"]
[Board "47.3"]
[WhiteTeam "JPN"]
[BlackTeam "UAE"]
[WhiteFideId "7001053"]
[BlackFideId "9301445"]
[EventDate "2010.09.21"]
[EventType "team"]

1. e4 e6 2. d4 d5 3. Nc3 Nf6 4. e5 Nfd7 5. a3 c5 6. f4 cxd4 7. Qxd4 Bc5 8. Qd3
f6 9. Nf3 fxe5 10. fxe5 Nc6 11. Bf4 O-O 12. Bg3 Qc7 13. Ng5 Re8 14. Qxh7+ Kf8
15. Qh8+ Ke7 16. Qxg7+ Kd8 17. Nf7+ Ke7 18. Bh4+ 1-0

[Event "39th Olympiad Women"]
[Site "Khanty-Mansiysk RUS"]
[Date "2010.09.28"]
[Round "7"]
[White "Abarca Gonzalez, Damaris"]
[Black "Chen, I-Chen"]
[Result "1-0"]
[WhiteElo "1991"]
[BlackElo "1699"]
[Board "48.1"]
[WhiteTeam "CHI"]
[BlackTeam "TPE"]
[WhiteFideId "3409414"]
[BlackFideId "16300181"]
[EventDate "2010.09.21"]
[EventType "team"]

1. e4 e5 2. Nf3 Nc6 3. Bc4 Bc5 4. c3 Nf6 5. d3 d6 6. O-O a6 7. Bb3 h6 8. h3 O-O
9. Re1 Re8 10. Nbd2 Be6 11. Bc2 Nd7 12. Nf1 f5 13. d4 fxe4 14. Bxe4 exd4 15.
cxd4 Bb4 16. Bd2 Bxd2 17. Qxd2 Nf6 18. d5 Bf7 19. Ng3 Nxe4 20. Nxe4 Ne5 21. Nh2
Qh4 22. Rac1 Bg6 23. f4 Nd3 24. g3 Qxh3 25. Qxd3 Qf5 26. Rxc7 Rxe4 27. Qc3 Rxe1+
28. Kf2 Re2+ 29. Kxe2 Re8+ 30. Kf2 Qf6 31. Qxf6 gxf6 32. Ng4 Kf8 33. Nxf6 Re7
34. Rxe7 Kxe7 35. Ng8+ Kf8 36. Nxh6 Be4 37. a3 Bxd5 38. Nf5 Kf7 39. Ke3 Ke6 40.
Kd4 Bf3 41. Ne3 Kf6 42. Nc4 Ke6 43. Nd2 Bg4 44. Ne4 Ke7 45. Nf2 Be6 46. g4 Bb3
47. f5 Kf7 48. Ne4 Bd1 49. Nxd6+ Ke7 50. Ke5 Bxg4 51. Nxb7 Bf3 52. f6+ Kf8 53.
Nd6 Bh5 54. b4 Bg6 55. a4 Bd3 56. b5 axb5 57. axb5 Bxb5 58. Nxb5 Kf7 59. Nd6+
Kf8 60. Ke6 Kg8 61. Ke7 1-0

[Event "39th Olympiad Women"]
[Site "Khanty-Mansiysk RUS"]
[Date "2010.09.28"]
[Round "7"]
[White "Lin, Yu-Tong Elaine"]
[Black "Jorquera Cabello, Valentina"]
[Result "0-1"]
[WhiteElo "1464"]
[BlackElo "1970"]
[Board "48.2"]
[WhiteTeam "TPE"]
[BlackTeam "CHI"]
[WhiteFideId "16300149"]
[BlackFideId "3405494"]
[EventDate "2010.09.21"]
[EventType "team"]

1. e4 c5 2. Nf3 Nc6 3. d4 cxd4 4. Nxd4 Nf6 5. Nc3 e5 6. Ndb5 d6 7. Bg5 a6 8. Na3
b5 9. Nd5 Be7 10. Bxf6 Bxf6 11. c3 O-O 12. Be2 g6 13. Qd3 Bg7 14. Nc2 Be6 15. h4
Bxd5 16. Qxd5 Ne7 17. Qd3 d5 18. Rd1 dxe4 19. Qxe4 Qb6 20. g4 f5 21. gxf5 Nxf5
22. Rd3 Kh8 23. h5 g5 24. Ne3 Nh4 25. Bg4 Qf6 26. Nd1 Ra7 27. f3 Raf7 28. Rf1
Qb6 29. Ne3 Rf4 30. Qd5 e4 31. Rd2 Qxe3+ 32. Kd1 Rxg4 33. Qd6 Nxf3 34. Rd5 Rg2
35. h6 Qe2+ 0-1

[Event "39th Olympiad Women"]
[Site "Khanty-Mansiysk RUS"]
[Date "2010.09.28"]
[Round "7"]
[White "Mohammed Qane,Jannar Worya"]
[Black "Greenidge, Nathali"]
[Result "1/2-1/2"]
[WhiteTitle "WFM"]
[WhiteElo "1906"]
[BlackElo "2016"]
[Board "51.1"]
[WhiteTeam "IRQ"]
[BlackTeam "BAR"]
[WhiteFideId "4802144"]
[BlackFideId "11100281"]
[EventDate "2010.09.21"]
[EventType "team"]

1. d4 f5 2. c4 Nf6 3. Nc3 e6 4. Nf3 Be7 5. e3 O-O 6. Be2 b6 7. d5 Bb7 8. dxe6
dxe6 9. Qxd8 Rxd8 10. Nd4 Kf7 11. Bf3 Bxf3 12. Nxf3 Bb4 13. Bd2 Nc6 14. O-O-O
Bxc3 15. Bxc3 Ne4 16. Be1 Rxd1+ 17. Kxd1 g5 18. Nd2 Rd8 19. Ke2 Nxd2 20. Bxd2
Ne5 21. b3 Nd3 22. Bc3 Nc5 23. f3 h5 1/2-1/2

[Event "39th Olympiad Women"]
[Site "Khanty-Mansiysk RUS"]
[Date "2010.09.28"]
[Round "7"]
[White "Corbin, Rashida"]
[Black "Jwan, Jamal Mohammed Ameen"]
[Result "1/2-1/2"]
[BlackTitle "WCM"]
[WhiteElo "1718"]
[BlackElo "1849"]
[Board "51.2"]
[WhiteTeam "BAR"]
[BlackTeam "IRQ"]
[WhiteFideId "11101571"]
[BlackFideId "4803000"]
[EventDate "2010.09.21"]
[EventType "team"]

1. e4 c5 2. Nf3 d6 3. d4 cxd4 4. Nxd4 Nf6 5. Nc3 Nc6 6. Be3 a6 7. Be2 e6 8. Nb3
Be7 9. O-O O-O 10. f4 d5 11. e5 Ne8 12. Kh1 f6 13. Bd3 f5 14. Nd4 Nxd4 15. Bxd4
Bd7 16. Qh5 g6 17. Qh3 Rf7 18. g4 Ng7 19. g5 Rc8 20. Rf3 Bc5 21. Ne2 Qb6 22.
Bxc5 Qxc5 23. c3 Bb5 24. Nd4 Bxd3 25. Rxd3 Re7 26. Qf3 Nh5 27. Rg1 Qa5 28. a3
Rc4 29. Qf2 Kf7 30. Rh3 1/2-1/2

[Event "39th Olympiad Women"]
[Site "Khanty-Mansiysk RUS"]
[Date "2010.09.28"]
[Round "7"]
[White "Taweesupmun, Chanida"]
[Black "Byun, Sungwon"]
[Result "1-0"]
[BlackTitle "WCM"]
[WhiteElo "1904"]
[BlackElo "1615"]
[Board "53.1"]
[WhiteTeam "THA"]
[BlackTeam "KOR"]
[WhiteFideId "6200117"]
[BlackFideId "13200852"]
[EventDate "2010.09.21"]
[EventType "team"]

1. d4 d5 2. c4 c6 3. e3 Nf6 4. Nc3 g6 5. Nf3 Bg7 6. Bd3 dxc4 7. Bxc4 b5 8. Bd3
Nbd7 9. O-O O-O 10. e4 Nb6 11. e5 Nfd5 12. Nxd5 Nxd5 13. a3 Bb7 14. Re1 e6 15.
Be4 Rc8 16. Bg5 f6 17. Bxd5 Qxd5 18. exf6 Bxf6 19. Bxf6 Rxf6 20. Re5 Qd7 21. Rc1
Rf5 22. Rcc5 Rxe5 23. Nxe5 Qe7 24. Qg4 Qd6 25. h4 Kf8 26. Qf4+ Ke8 27. Qf7+ Kd8
28. Qxb7 Qxd4 29. Nxc6+ Rxc6 30. Rxc6 1-0

[Event "39th Olympiad Women"]
[Site "Khanty-Mansiysk RUS"]
[Date "2010.09.28"]
[Round "7"]
[White "Salim-Moussa, Seydi"]
[Black "Amadasun, Rosemary"]
[Result "0-1"]
[WhiteElo "1842"]
[BlackElo "1900"]
[Board "54.4"]
[WhiteTeam "AHO"]
[BlackTeam "NGR"]
[WhiteFideId "7500440"]
[BlackFideId "8500983"]
[EventDate "2010.09.21"]
[EventType "team"]

1. e4 e5 2. Nf3 Nc6 3. Bc4 Be7 4. O-O d6 5. h3 Nf6 6. Nc3 O-O 7. d4 exd4 8. Nxd4
Ne5 9. Be2 c6 10. Be3 Qc7 11. Qd2 b5 12. f4 Ng6 13. Bd3 b4 14. Nce2 c5 15. f5
Ne5 16. Nf3 c4 17. Nxe5 dxe5 18. g4 cxd3 19. cxd3 Rd8 20. g5 Nxe4 21. Rac1 Nxd2 0-1

[Event "39th Olympiad Women"]
[Site "Khanty-Mansiysk RUS"]
[Date "2010.09.29"]
[Round "8"]
[White "Harika, Dronavalli"]
[Black "Kosintseva, Tatiana"]
[Result "0-1"]
[WhiteTitle "IM"]
[BlackTitle "GM"]
[WhiteElo "2515"]
[BlackElo "2573"]
[Board "1.1"]
[WhiteTeam "IND"]
[BlackTeam "RUS1"]
[WhiteFideId "5015197"]
[BlackFideId "4133471"]
[EventDate "2010.09.21"]
[EventType "team"]

1. c4 Nf6 2. Nc3 e5 3. Nf3 Nc6 4. e4 Bc5 5. Nxe5 Nxe5 6. d4 Bb4 7. dxe5 Nxe4 8.
Qf3 d5 9. Be2 d4 10. Qxe4 dxc3 11. O-O cxb2 12. Bxb2 O-O 13. Bd3 g6 14. e6 Be7
15. Qe5 f6 16. Qe2 Bc5 17. Rfe1 Qe7 18. h4 Bb4 19. h5 Bxe1 20. Rxe1 Qxe6 21.
Qxe6+ Bxe6 22. Rxe6 Rae8 23. Rxe8 Rxe8 24. hxg6 Re1+ 25. Kh2 hxg6 26. Bxf6 Kf7
27. Bg5 c5 28. Bc2 Re2 29. Bb3 Rxf2 30. Be3 Rf5 31. Kg3 b6 32. Bf4 Rf6 33. Bc2
Re6 34. Kf2 Kf6 35. g4 g5 36. Bd2 Rd6 37. Bc3+ Kf7 38. Be5 Rd2+ 0-1

[Event "39th Olympiad Women"]
[Site "Khanty-Mansiysk RUS"]
[Date "2010.09.29"]
[Round "8"]
[White "Kosintseva, Nadezhda"]
[Black "Tania, Sachdev"]
[Result "1-0"]
[WhiteTitle "IM"]
[BlackTitle "IM"]
[WhiteElo "2565"]
[BlackElo "2382"]
[Board "1.2"]
[WhiteTeam "RUS1"]
[BlackTeam "IND"]
[WhiteFideId "4134974"]
[BlackFideId "5007844"]
[EventDate "2010.09.21"]
[EventType "team"]

1. e4 e5 2. Nf3 Nc6 3. Bb5 a6 4. Ba4 Nf6 5. O-O Be7 6. Re1 b5 7. Bb3 d6 8. c3
O-O 9. h3 Nb8 10. d4 Nbd7 11. Nbd2 Bb7 12. Bc2 Re8 13. a4 Bf8 14. Bd3 c6 15. Qc2
Qc7 16. b4 g6 17. Bf1 Bg7 18. Nb3 d5 19. exd5 Nxd5 20. Bd2 Rad8 21. Na5 Bc8 22.
c4 bxc4 23. Bxc4 Nb8 24. Nxe5 Bxe5 25. dxe5 Rxe5 26. Rxe5 Qxe5 27. Re1 Qd6 28.
Bg5 f6 29. Bd2 Kg7 30. Qc1 g5 31. Qb2 h6 32. Bf1 Nd7 33. Nc4 Qf8 34. b5 axb5 35.
axb5 cxb5 36. Qxb5 Qc5 37. Qb1 Ba6 38. Ne3 Nxe3 39. Bxe3 Qa5 40. Bxa6 Qxa6 41.
Rd1 Qc6 42. Qf5 Qc7 43. Qd5 Kg6 44. Qe4+ Kg7 45. Qe7+ 1-0

[Event "39th Olympiad Women"]
[Site "Khanty-Mansiysk RUS"]
[Date "2010.09.29"]
[Round "8"]
[White "Galliamova, Alisa"]
[Black "Meenakshi, Subbaraman"]
[Result "1-0"]
[WhiteTitle "IM"]
[BlackTitle "WGM"]
[WhiteElo "2482"]
[BlackElo "2336"]
[Board "1.4"]
[WhiteTeam "RUS1"]
[BlackTeam "IND"]
[WhiteFideId "4129725"]
[BlackFideId "5004381"]
[EventDate "2010.09.21"]
[EventType "team"]

1. d4 d6 2. Nf3 g6 3. c4 Bg7 4. Nc3 Nd7 5. g3 e5 6. Bg2 Ne7 7. O-O O-O 8. e4
exd4 9. Nxd4 Nc6 10. Nde2 Nc5 11. Be3 Re8 12. h3 a5 13. Nd4 Bd7 14. Ndb5 Ne5 15.
Qe2 Be6 16. b3 c6 17. Nd4 Bc8 18. Rad1 Qe7 19. Rd2 a4 20. b4 Ne6 21. f4 Nd7 22.
Rfd1 Ndf8 23. Qf2 f5 24. exf5 Nxd4 25. Bxd4 Bxf5 26. g4 Bxd4 27. Rxd4 Qe3 28.
Ne4 Qxf2+ 29. Nxf2 Be6 30. Ne4 Re7 31. Nxd6 Bf7 32. a3 Ne6 33. Re4 Rd7 34. c5 g5
35. fxg5 Nxg5 36. Re5 h6 37. Rde1 Bd5 38. Bxd5+ cxd5 39. Kg2 d4 40. h4 Nf7 41.
Re7 Rxe7 42. Rxe7 Nd8 43. Re8+ Kg7 44. Nxb7 d3 45. Kf2 Ra7 46. Nxd8 Rd7 47. Ke1 1-0

[Event "39th Olympiad Women"]
[Site "Khanty-Mansiysk RUS"]
[Date "2010.09.29"]
[Round "8"]
[White "Melia, Salome"]
[Black "Chelushkina, Irina"]
[Result "0-1"]
[WhiteTitle "IM"]
[BlackTitle "WGM"]
[WhiteElo "2439"]
[BlackElo "2325"]
[Board "2.2"]
[WhiteTeam "GEO"]
[BlackTeam "SRB"]
[WhiteFideId "13602446"]
[BlackFideId "928615"]
[EventDate "2010.09.21"]
[EventType "team"]

1. e4 c5 2. Nf3 Nc6 3. d4 cxd4 4. Nxd4 e5 5. Nb5 d6 6. N1c3 a6 7. Na3 b5 8. Nd5
Rb8 9. c4 b4 10. Nc2 Nf6 11. Bg5 Be7 12. Bxf6 Bxf6 13. g3 O-O 14. b3 Bg5 15. Bg2
Kh8 16. O-O f5 17. exf5 Bxf5 18. Nde3 Bxe3 19. Nxe3 Nd4 20. Nxf5 Rxf5 21. Qd3
Rf6 22. Rad1 Qa5 23. Rd2 Qc5 24. Kh1 Rbf8 25. Be4 g5 26. Bg2 a5 27. Kg1 Qc8 28.
Qe3 g4 29. Rfd1 Qf5 30. Qe4 Qh5 31. Kf1 Qxh2 32. Qxg4 Nf5 33. Rd3 Ne3+ 34. Rxe3
Rxf2+ 0-1

[Event "39th Olympiad Women"]
[Site "Khanty-Mansiysk RUS"]
[Date "2010.09.29"]
[Round "8"]
[White "Khotenashvili, Bela"]
[Black "Eric, Jovana"]
[Result "1-0"]
[WhiteTitle "IM"]
[BlackTitle "WIM"]
[WhiteElo "2464"]
[BlackElo "2218"]
[Board "2.4"]
[WhiteTeam "GEO"]
[BlackTeam "SRB"]
[WhiteFideId "13602640"]
[BlackFideId "938238"]
[EventDate "2010.09.21"]
[EventType "team"]

1. e4 c5 2. Nc3 d6 3. f4 Nc6 4. Nf3 g6 5. Bb5 Bg7 6. Bxc6+ bxc6 7. d3 Nh6 8. O-O
f5 9. e5 O-O 10. Kh1 d5 11. b3 Qa5 12. Na4 c4 13. Bd2 Qa6 14. dxc4 dxc4 15. Nc5
Qb6 16. Be3 Qa5 17. Qe2 cxb3 18. axb3 Qc7 19. Qc4+ Kh8 20. Ng5 Re8 21. h3 Rg8
22. Nge6 Bxe6 23. Nxe6 Qb7 24. Rfd1 Rge8 25. Nxg7 Kxg7 26. e6 Qb5 27. Qc3+ Kg8
28. Bc1 Rf8 29. Bb2 Rf6 30. Rd7 Raf8 31. Rxe7 c5 32. Rf7 Nxf7 33. Qxf6 1-0

[Event "39th Olympiad Women"]
[Site "Khanty-Mansiysk RUS"]
[Date "2010.09.29"]
[Round "8"]
[White "Nikolova, Adriana"]
[Black "Madl, Ildiko"]
[Result "1/2-1/2"]
[WhiteTitle "WIM"]
[BlackTitle "IM"]
[WhiteElo "2295"]
[BlackElo "2397"]
[Board "3.2"]
[WhiteTeam "BUL"]
[BlackTeam "HUN"]
[WhiteFideId "2908689"]
[BlackFideId "700550"]
[EventDate "2010.09.21"]
[EventType "team"]

1. e4 c5 2. Nf3 d6 3. d4 cxd4 4. Nxd4 Nf6 5. Nc3 Nc6 6. Bg5 e6 7. Qd2 Be7 8.
O-O-O O-O 9. f3 Nxd4 10. Qxd4 a6 11. h4 b5 12. Kb1 Bb7 13. Bd3 Qc7 14. Qe3 Rfd8
15. Qd2 Rac8 16. g4 d5 17. e5 Ne4 18. fxe4 dxe4 19. Nxe4 Bxe4 20. Bxe7 Qxe7 21.
Rh3 Bxd3 22. cxd3 Rd4 23. g5 Qc5 24. Rc1 Qxc1+ 25. Qxc1 Rxc1+ 26. Kxc1 h5 27.
gxh6 gxh6 28. Kd2 h5 29. Kc3 Rg4 30. d4 Kg7 31. b3 f6 32. exf6+ Kxf6 33. a4 bxa4
34. bxa4 Ke7 35. Re3 Rxh4 36. d5 Rxa4 37. Rxe6+ Kd7 38. Rh6 h4 39. Kb3 Rd4 40.
Kc3 Rg4 41. Rxa6 Rf4 1/2-1/2

[Event "39th Olympiad Women"]
[Site "Khanty-Mansiysk RUS"]
[Date "2010.09.29"]
[Round "8"]
[White "Vajda, Szidonia"]
[Black "Videnova, Iva"]
[Result "1/2-1/2"]
[WhiteTitle "IM"]
[BlackTitle "WIM"]
[WhiteElo "2342"]
[BlackElo "2283"]
[Board "3.3"]
[WhiteTeam "HUN"]
[BlackTeam "BUL"]
[WhiteFideId "723894"]
[BlackFideId "2907763"]
[EventDate "2010.09.21"]
[EventType "team"]

1. e4 c5 2. Nf3 d6 3. d4 Nf6 4. Nc3 cxd4 5. Nxd4 g6 6. Be3 Bg7 7. f3 Nc6 8. Qd2
O-O 9. O-O-O d5 10. Kb1 Nxd4 11. e5 Nf5 12. exf6 Bxf6 13. Nxd5 Qxd5 14. Qxd5
Nxe3 15. Qd2 Nxd1 16. Qxd1 Be6 17. Bb5 a6 18. Ba4 b5 19. Bb3 Bxb3 20. cxb3 Rfd8
21. Qe2 Rd5 22. Rd1 Rad8 23. Rxd5 Rxd5 24. a4 Kg7 25. g3 h5 26. Kc2 Rc5+ 27. Kb1
e6 28. Qf2 Rd5 29. Qe2 Re5 30. Qd2 Rd5 31. Qe2 Be7 32. Kc2 h4 33. Qe4 b4 34. f4
a5 35. Qe3 Bc5 36. Qe2 Bd4 37. g4 Bf6 38. Qf2 g5 39. h3 gxf4 40. Qxf4 Bg5 41.
Qc7 Rd2+ 42. Kb1 Rd1+ 43. Ka2 Rd5 44. Kb1 Bd8 45. Qb8 Bf6 46. Qf4 Re5 47. Qf2
Rd5 48. Qf4 Rd1+ 49. Kc2 Rd5 50. Qc7 Re5 51. Kd3 Kg6 52. Qc8 Re1 53. Qg8+ Bg7
54. Qa8 Re5 55. Qa7 Rd5+ 56. Kc2 Bh6 57. Qa8 Kg7 58. Qa7 Bg5 59. Qb6 Rd2+ 60.
Kb1 Bd8 61. Qe3 Rd5 62. Kc2 Bf6 63. Qb6 1/2-1/2

[Event "39th Olympiad Women"]
[Site "Khanty-Mansiysk RUS"]
[Date "2010.09.29"]
[Round "8"]
[White "Bodnaruk, Anastasia"]
[Black "Abrahamyan, Tatev"]
[Result "1-0"]
[WhiteTitle "IM"]
[BlackTitle "WFM"]
[WhiteElo "2399"]
[BlackElo "2352"]
[Board "4.3"]
[WhiteTeam "RUS2"]
[BlackTeam "USA"]
[WhiteFideId "4181751"]
[BlackFideId "13301918"]
[EventDate "2010.09.21"]
[EventType "team"]

1. e4 e6 2. d4 d5 3. Nc3 Bb4 4. e5 Ne7 5. a3 Bxc3+ 6. bxc3 c5 7. Qg4 O-O 8. Bd3
Nbc6 9. Qh5 Ng6 10. Nf3 Qc7 11. Be3 Nce7 12. h4 Nf5 13. O-O c4 14. Bxf5 exf5 15.
e6 f6 16. Qxf5 Qd6 17. Qh3 Bxe6 18. Qh2 Qd7 19. h5 Ne7 20. a4 h6 21. Ne1 Bf7 22.
f3 Nc8 23. a5 Nd6 24. g4 Nb5 25. Bd2 Rae8 26. Rf2 Qd6 27. Qh4 Re7 28. Ng2 Rfe8
29. Kf1 a6 30. Qh3 b6 31. Nh4 Qc7 32. axb6 Qxb6 33. Nf5 Ra7 34. Qg3 a5 35. Bxh6
gxh6 36. Qf4 Be6 37. Re1 Nc7 38. Nxh6+ Kg7 39. Rfe2 a4 40. g5 Bh3+ 41. Kf2 Rxe2+
42. Rxe2 Kf8 43. gxf6 Ne8 44. f7 Ng7 45. Qg5 Be6 46. Rxe6 Nxe6 47. Qg8+ Ke7 48.
Nf5+ Kd7 49. Qe8+ Kc7 50. Ng7 Nxd4 51. cxd4 Qxd4+ 52. Ke2 Qxg7 53. f8=Q Qg2+ 54.
Kd1 Qg1+ 55. Qe1 Qd4+ 56. Ke2 a3 57. Qeb4 Qe5+ 58. Kf1 Kc6 59. Qc8+ 1-0

[Event "39th Olympiad Women"]
[Site "Khanty-Mansiysk RUS"]
[Date "2010.09.29"]
[Round "8"]
[White "Foisor, Sabina-Francesca"]
[Black "Kashlinskaya, Alina"]
[Result "0-1"]
[WhiteTitle "WGM"]
[BlackTitle "WGM"]
[WhiteElo "2293"]
[BlackElo "2358"]
[Board "4.4"]
[WhiteTeam "USA"]
[BlackTeam "RUS2"]
[WhiteFideId "1212915"]
[BlackFideId "4198026"]
[EventDate "2010.09.21"]
[EventType "team"]

1. d4 d5 2. c4 e6 3. Nc3 c6 4. e3 Bd6 5. Bd3 f5 6. g4 Nf6 7. gxf5 exf5 8. cxd5
cxd5 9. Qb3 Nc6 10. Bd2 Qe7 11. Nge2 O-O 12. Nxd5 Nxd5 13. Bc4 Kh8 14. Bxd5 f4
15. Rg1 Bf5 16. O-O-O Rac8 17. Bxc6 Rxc6+ 18. Nc3 Qe4 19. Be1 fxe3 20. fxe3 h6
21. d5 Rcc8 22. Bf2 Bh7 23. Rgf1 Bb4 24. d6 Qb1+ 25. Kd2 Rxc3 26. Qxb4 Rd3+ 27.
Ke2 Qc2+ 28. Rd2 Rxd2+ 29. Qxd2 Bd3+ 30. Ke1 Qxd2+ 31. Kxd2 Bxf1 0-1

[Event "39th Olympiad Women"]
[Site "Khanty-Mansiysk RUS"]
[Date "2010.09.29"]
[Round "8"]
[White "Zhao, Xue"]
[Black "Homiakova, Elena"]
[Result "1-0"]
[WhiteTitle "GM"]
[BlackTitle "WFM"]
[WhiteElo "2469"]
[BlackElo "2156"]
[Board "5.3"]
[WhiteTeam "CHN"]
[BlackTeam "BLR"]
[WhiteFideId "8601283"]
[BlackFideId "13507761"]
[EventDate "2010.09.21"]
[EventType "team"]

1. d4 Nf6 2. c4 c5 3. d5 b5 4. cxb5 a6 5. bxa6 Bxa6 6. Nc3 d6 7. g3 g6 8. Bg2
Bg7 9. Nf3 O-O 10. Rb1 Nbd7 11. O-O Ra7 12. b3 Qa8 13. Bb2 Nb6 14. Ng5 Rb8 15.
Qd2 c4 16. b4 Bc8 17. a3 Bd7 18. Rfc1 Rc8 19. e4 Ng4 20. f4 Na4 21. Nxa4 Rxa4
22. Bxg7 Kxg7 23. Qd4+ Kg8 24. h3 Nf6 25. e5 Nh5 26. g4 Ng7 27. e6 fxe6 28. Nxe6
Qa7 29. Qxa7 Rxa7 30. Nd4 Rxa3 31. Nc6 Kf7 32. b5 e6 33. b6 1-0

[Event "39th Olympiad Women"]
[Site "Khanty-Mansiysk RUS"]
[Date "2010.09.29"]
[Round "8"]
[White "Stetsko, Lanita"]
[Black "Huang, Qian"]
[Result "1/2-1/2"]
[WhiteTitle "FM"]
[BlackTitle "WGM"]
[WhiteElo "2148"]
[BlackElo "2436"]
[Board "5.4"]
[WhiteTeam "BLR"]
[BlackTeam "CHN"]
[WhiteFideId "13505300"]
[BlackFideId "8602689"]
[EventDate "2010.09.21"]
[EventType "team"]

1. c4 Nf6 2. Nc3 g6 3. g3 d5 4. cxd5 Nxd5 5. Bg2 Nb6 6. Nf3 Bg7 7. O-O O-O 8. d4
Nc6 9. e3 Re8 10. Re1 a5 11. b3 e5 12. dxe5 Nxe5 13. Nxe5 Qxd1 14. Rxd1 Bxe5 15.
Bb2 c6 16. Rd2 Bf5 17. Rad1 Bg7 18. h3 h5 19. Ne2 a4 20. Bxg7 Kxg7 21. Nd4 Be6
22. Nxe6+ Rxe6 23. Rd8 Rxd8 24. Rxd8 Re7 25. Rb8 Rc7 26. Kf1 Kf6 27. Ke2 Nd7 28.
Ra8 axb3 29. axb3 Nc5 30. Ra3 b5 31. b4 Na4 32. f4 Ke7 33. e4 f6 34. Ke3 c5 35.
bxc5 Nxc5 36. Ra5 b4 37. Rb5 b3 38. e5 fxe5 39. fxe5 Nd7 40. Rxb3 Nxe5 41. Kf4
Nf7 1/2-1/2

[Event "39th Olympiad Women"]
[Site "Khanty-Mansiysk RUS"]
[Date "2010.09.29"]
[Round "8"]
[White "Zhukova, Natalia"]
[Black "Hoolt, Sarah"]
[Result "1/2-1/2"]
[WhiteTitle "GM"]
[BlackTitle "WIM"]
[WhiteElo "2499"]
[BlackElo "2251"]
[Board "6.2"]
[WhiteTeam "UKR"]
[BlackTeam "GER"]
[WhiteFideId "14101513"]
[BlackFideId "24606812"]
[EventDate "2010.09.21"]
[EventType "team"]

1. d4 Nf6 2. c4 e6 3. Nc3 d5 4. cxd5 exd5 5. Bg5 c6 6. e3 Bf5 7. Qf3 Bg6 8. Bxf6
Qxf6 9. Qxf6 gxf6 10. Nf3 Nd7 11. Kd2 Nb6 12. b3 Nc8 13. Bd3 Nd6 14. Nh4 Rg8 15.
f3 Bxd3 16. Kxd3 f5 17. g3 O-O-O 18. Rac1 Kd7 19. Rhf1 Be7 20. Ng2 Rde8 21. Rce1
Rg7 22. e4 fxe4+ 23. fxe4 dxe4+ 24. Nxe4 Nxe4 25. Rxe4 Bg5 26. Ne1 Rxe4 27. Kxe4
Be7 28. Nd3 Rg4+ 29. Nf4 Rg5 30. Ng2 Ke6 31. Ne3 Bd6 32. Rf5 Rxf5 33. Nxf5 Bf8
34. g4 Kf6 35. h4 Kg6 36. Ke5 h6 37. a4 a6 38. Nd6 Bg7+ 39. Ke4 b5 40. Ne8 Bf8
41. a5 Bb4 42. Nc7 Bxa5 43. Nxa6 h5 44. gxh5+ Kxh5 45. Nb8 Kg4 46. Nxc6 f5+ 47.
Kd3 Bc7 48. d5 f4 49. Ke2 f3+ 50. Kf1 Kxh4 51. Nd4 Kg4 52. Nxb5 Bb6 53. Nd6 Kg5
54. Nc4 Bc5 55. d6 Kf6 56. d7 Ke7 57. Ne5 Bd6 58. Nxf3 Kxd7 59. Ke2 Kc6 60. Kd3
Kb5 61. Nd4+ Kb4 62. Kc2 Bf8 63. Nc6+ Kb5 64. Ne5 Kb4 65. Nd3+ 1/2-1/2

[Event "39th Olympiad Women"]
[Site "Khanty-Mansiysk RUS"]
[Date "2010.09.29"]
[Round "8"]
[White "Gaponenko, Inna"]
[Black "Fuchs, Judith"]
[Result "1-0"]
[WhiteTitle "IM"]
[BlackTitle "WIM"]
[WhiteElo "2469"]
[BlackElo "2237"]
[Board "6.4"]
[WhiteTeam "UKR"]
[BlackTeam "GER"]
[WhiteFideId "14101181"]
[BlackFideId "24605611"]
[EventDate "2010.09.21"]
[EventType "team"]

1. e4 Nf6 2. e5 Nd5 3. d4 d6 4. Nf3 Nc6 5. c4 Nb6 6. exd6 exd6 7. Be2 Be7 8. O-O
O-O 9. Nc3 Bg4 10. b3 Bf6 11. Be3 Re8 12. h3 Bh5 13. Rc1 a6 14. Qd2 d5 15. Nxd5
Nxd5 16. cxd5 Na7 17. Qa5 Nb5 18. a4 b6 19. Qd2 Nd6 20. Rc6 Ne4 21. Qc1 Ra7 22.
Re1 h6 23. g4 Bg6 24. Ne5 Bxe5 25. dxe5 Kh7 26. d6 Nc5 27. Bxc5 bxc5 28. Qxc5
Ra8 29. dxc7 Qd2 30. Qc3 Qd7 31. Bxa6 1-0

[Event "39th Olympiad Women"]
[Site "Khanty-Mansiysk RUS"]
[Date "2010.09.29"]
[Round "8"]
[White "Kovanova, Baira"]
[Black "Ordaz Valdes, Lisandra Teresa"]
[Result "1/2-1/2"]
[WhiteTitle "WGM"]
[BlackTitle "WIM"]
[WhiteElo "2370"]
[BlackElo "2359"]
[Board "7.1"]
[WhiteTeam "RUS3"]
[BlackTeam "CUB"]
[WhiteFideId "4164083"]
[BlackFideId "3506940"]
[EventDate "2010.09.21"]
[EventType "team"]

1. e4 e5 2. Nf3 Nc6 3. Bb5 Nf6 4. d3 Bc5 5. c3 d6 6. d4 exd4 7. cxd4 Bb4+ 8. Bd2
O-O 9. O-O Bxd2 10. Nbxd2 Ne7 11. Re1 Ng6 12. Nf1 c6 13. Ba4 Re8 14. Ng3 Qb6 15.
d5 Bd7 16. dxc6 Bxc6 17. Bxc6 bxc6 18. Qxd6 Qxb2 19. h3 Nxe4 20. Nxe4 Rxe4 21.
Qxc6 Rxe1+ 22. Rxe1 Rf8 23. a4 Qb6 24. Qe4 Rb8 25. Nd4 h6 26. Nf5 Qb4 27. h4 1/2-1/2